Pacto para la estabilidad, la competitividad y el empleo y sus antecedentes 1987-1994 / (Registro nro. 8592)

Detalles MARC
000 -LEADER
fixed length control field 00907nam a2200205Ia 4500
003 - CONTROL NUMBER IDENTIFIER
control field OSt
005 - DATE AND TIME OF LATEST TRANSACTION
control field 20210917112457.0
008 - FIXED-LENGTH DATA ELEMENTS--GENERAL INFORMATION
fixed length control field 210310s1994 mx gr 000 0 spa d
020 ## - INTERNATIONAL STANDARD BOOK NUMBER
International Standard Book Number 9688656783
040 ## - CATALOGING SOURCE
Original cataloging agency CO-JMCR
Transcribing agency CO-JMCR
041 0# - LANGUAGE CODE
Language code of text/sound track or separate title spa
082 04 - DEWEY DECIMAL CLASSIFICATION NUMBER
Classification number 338.972 /
Item number C733p
Edition number 23
110 2# - MAIN ENTRY--CORPORATE NAME
Corporate name or jurisdiction name as entry element Comisión de Seguimiento y Evaluación del Pacto para la Estabilidad, la Competitividad y el Empleo
9 (RLIN) 40598
245 10 - TITLE STATEMENT
Title Pacto para la estabilidad, la competitividad y el empleo y sus antecedentes 1987-1994 /
Statement of responsibility, etc. Comisión de Seguimiento y Evaluación del Pacto para la Estabilidad, la Competitividad y el Empleo
260 ## - PUBLICATION, DISTRIBUTION, ETC.
Place of publication, distribution, etc. México :
Name of publisher, distributor, etc. Comisión de Seguimiento y Evaluación del Pacto para la Estabilidad, la Competitividad y el Empleo,
Date of publication, distribution, etc. 1994
300 ## - PHYSICAL DESCRIPTION
Extent 259 páginas ;
Dimensions 22 cm.
650 14 - SUBJECT ADDED ENTRY--TOPICAL TERM
Topical term or geographic name entry element Situación económica
9 (RLIN) 17723
Geographic subdivision México
650 24 - SUBJECT ADDED ENTRY--TOPICAL TERM
Topical term or geographic name entry element Estabilidad
General subdivision Empleo
Geographic subdivision México
9 (RLIN) 40599
942 ## - ADDED ENTRY ELEMENTS (KOHA)
Source of classification or shelving scheme Dewey Decimal Classification
Koha item type Books
Existencias
Withdrawn status Lost status Source of classification or shelving scheme Damaged status Not for loan Collection code Home library Current library Date acquired Source of acquisition Total Checkouts Full call number Barcode Date last seen Date last checked out Copy number Koha item type Public note
    Dewey Decimal Classification     Non-fiction Biblioteca Pública José María del Castillo y Rada Biblioteca Pública José María del Castillo y Rada 04/15/2018 Donación 1 338.972 / C733p 430000506 05/16/2024 10/10/2023 Ej.1 Books Exlibris: Nota con esfero en la primer hoja.